[Event "Bad Woerishofen Seniors op 32nd"]
[Site "Bad Woerishofen"]
[Date "2016.02.26"]
[Round "1"]
[White "Gerst, Waldemar"]
[Black "Klempt, Guenter"]
[Result "0-1"]
[WhiteElo "1769"]
[BlackElo "2039"]
[PlyCount "38"]
[EventDate "2016.02.26"]
[EventType "swiss"]
[EventRounds "9"]
[EventCountry "GER"]
[SourceTitle "EXT 2019"]
[Source "ChessBase"]
[SourceDate "2018.10.10"]
[SourceVersion "1"]
[SourceVersionDate "2018.10.10"]
[SourceQuality "1"]

1. e4 c5 2. c4 Nc6 3. Nf3 g6 4. d4 cxd4 5. Nxd4 Bg7 6. Be3 Nf6 7. Nc3 d6 8. Be2 0-0 9. 0-0 Bd7 10. a3 Re8 11. b4 Ne5 12. Qb3 Neg4 13. h3 Nxe3 14. fxe3 Bh6 15. Rf3 Qb6 16. Nd5 Nxd5 17. c5 dxc5 18. exd5 cxd4 19. exd4 Qxd4+ 0-1

[Event "Ruhrgebiet Verbandsklasse Gruppe 3 1516"]
[Site "Germany"]
[Date "2015.11.08"]
[Round "3.6"]
[White "Klempt, Guenter"]
[Black "Dreesbach, Harald"]
[Result "1-0"]
[WhiteElo "1860"]
[BlackElo "1742"]
[PlyCount "137"]
[EventDate "2015.09.06"]
[EventType "team-tourn"]
[EventRounds "9"]
[EventCountry "GER"]
[SourceTitle "EXT 2022"]
[Source "ChessBase"]
[SourceDate "2021.10.06"]
[SourceVersion "1"]
[SourceVersionDate "2021.10.06"]
[SourceQuality "1"]
[WhiteTeam "Bochum SV II"]
[BlackTeam "Ahlen SV II"]
[WhiteTeamCountry "GER"]
[BlackTeamCountry "GER"]

1. d4 Nf6 2. c4 g6 3. Nc3 Bg7 4. e4 d6 5. Nf3 0-0 6. h3 e5 7. dxe5 dxe5 8. Be3 c6 9. Be2 Qe7 10. 0-0 Na6 11. a3 b6 12. Qc2 Bb7 13. Rfd1 Rad8 14. b4 Nh5 15. Rxd8 Rxd8 16. Rd1 Nc7 17. c5 b5 18. Bg5 f6 19. Qb3+ Kf8 20. Be3 Bc8 21. a4 Be6 22. Qc2 a6 23. axb5 axb5 24. Rd2 Ke8 25. Qd1 Bf8 26. Nh2 Nf4 27. Bg4 Rxd2 28. Qxd2 Bxg4 29. Nxg4 Nce6 30. Qa2 h5 31. Nh2 Qd7 32. Nf3 Be7 33. Bxf4 exf4 34. e5 f5 35. Qa8+ Nd8 36. Qa2 Qe6 37. Qd2 g5 38. Qd4 Nf7 39. h4 g4 40. Qxf4 gxf3 41. Qxf3 Bxh4 42. Qxh5 Be7 43. f4 Kd8 44. Ne2 Qd5 45. Qxf5 Nh6 46. Qh5 Nf7 47. Kh2 Qe6 48. Nd4 Qh6 49. Qxh6 Nxh6 50. Nxc6+ Kd7 51. Nd4 Ng4+ 52. Kg3 Ne3 53. Nxb5 Nd5 54. Nd6 Nxb4 55. Kf3 Nd3 56. Ne4 Nxc5 57. Nxc5+ Bxc5 58. Ke4 Ke6 59. f5+ Kf7 60. g4 Bb6 61. g5 Bd8 62. g6+ Kg7 63. Kd5 Bg5 64. Ke6 Bh6 65. Ke7 Bg5+ 66. Kd7 Bh4 67. e6 Kf8 68. e7+ Bxe7 69. g7+ 1-0

[Event "Bad Woerishofen Seniors op 30th"]
[Site "Bad Woerishofen"]
[Date "2014.03.29"]
[Round "9"]
[White "Klempt, Guenter"]
[Black "Smits, Oswald"]
[Result "1/2-1/2"]
[WhiteElo "2052"]
[BlackElo "1925"]
[PlyCount "34"]
[EventDate "2014.03.21"]
[EventType "swiss"]
[EventRounds "9"]
[EventCountry "GER"]
[SourceTitle "EXT 2019"]
[Source "ChessBase"]
[SourceDate "2018.10.10"]
[SourceVersion "1"]
[SourceVersionDate "2018.10.10"]
[SourceQuality "1"]

1. d4 Nf6 2. Nf3 e6 3. c4 b6 4. Nc3 d5 5. Bg5 Be7 6. e3 0-0 7. Rc1 Bb7 8. Bd3 dxc4 9. Bxc4 Nbd7 10. 0-0 Rc8 11. Qe2 c5 12. Bd3 cxd4 13. Nxd4 Nd5 14. Bxe7 Qxe7 15. Nxd5 Bxd5 16. b3 Nc5 17. e4 Bb7 1/2-1/2

[Event "Ruhrgebiet Regionalliga 1314"]
[Site "Ruhrgebiet"]
[Date "2013.09.22"]
[Round "1.8"]
[White "Schaefer, Michael2222"]
[Black "Klempt, Guenter"]
[Result "0-1"]
[WhiteElo "1659"]
[BlackElo "1918"]
[PlyCount "52"]
[EventDate "2013.09.22"]
[EventType "team-tourn"]
[EventRounds "9"]
[EventCountry "GER"]
[SourceTitle "EXT 2024"]
[Source "ChessBase"]
[SourceDate "2023.10.10"]
[SourceVersion "1"]
[SourceVersionDate "2023.10.10"]
[SourceQuality "1"]
[WhiteTeam "Herne Sodingen II"]
[BlackTeam "Bochum II"]
[WhiteTeamCountry "GER"]
[BlackTeamCountry "GER"]

1. e4 c5 2. Nf3 Nc6 3. d4 cxd4 4. Nxd4 g6 5. c4 Bg7 6. Be3 Nf6 7. Nc3 0-0 8. Be2 d6 9. 0-0 a6 10. Rc1 Bd7 11. f3 Rc8 12. Qd2 Re8 13. Rfd1 Qa5 14. Nd5 Qxd2 15. Rxd2 Nxd5 16. exd5 Nxd4 17. Rxd4 Bxd4 18. Bxd4 b5 19. c5 dxc5 20. Bxc5 Kg7 21. b4 Kf6 22. Re1 e5 23. Bd3 Kg7 24. Kf2 f5 25. Rxe5 Rxc5 26. Rxe8 Rxd5 0-1

[Event "GER-ch Seniors 22nd"]
[Site "Berlin"]
[Date "2010.08.19"]
[Round "4"]
[White "Klempt, Guenter"]
[Black "Knaak, Joachim"]
[Result "0-1"]
[WhiteElo "1843"]
[BlackElo "2023"]
[PlyCount "98"]
[EventDate "2010.08.16"]
[EventType "swiss"]
[EventRounds "9"]
[EventCountry "GER"]
[SourceTitle "CBM 138 Extra"]
[Source "ChessBase"]
[SourceDate "2010.10.29"]
[SourceVersion "1"]
[SourceVersionDate "2010.10.29"]
[SourceQuality "1"]

1. d4 Nf6 2. Nf3 g6 3. h3 Bg7 4. Bf4 0-0 5. e3 c5 6. c3 d5 7. Be2 Nc6 8. 0-0 Qb6 9. Qc1 a5 10. Rd1 Nd7 11. Na3 c4 12. e4 e6 13. Rb1 a4 14. Re1 Na5 15. Bd1 dxe4 16. Nd2 Qc6 17. Nxe4 e5 18. Bh6 exd4 19. Bxg7 Kxg7 20. cxd4 Nb6 21. Bf3 Nd5 22. Qd2 Be6 23. Rbc1 b5 24. Nc5 Rfe8 25. Re2 Nb7 26. Nxe6+ Rxe6 27. Rce1 Rae8 28. Re5 Rd8 29. Rxe6 fxe6 30. Qg5 b4 31. Qe5+ Kf7 32. Nc2 Qb6 33. Ne3 Nxe3 34. Bxb7 Qxb7 35. Rxe3 Qd5 36. Rf3+ Kg8 37. Qf4 Qxd4 38. Qf7+ Kh8 39. Qxe6 Qxb2 40. Qe7 Rg8 41. Rf7 Rg7 42. Qd8+ Rg8 43. Qc7 Rg7 44. Qxc4 h5 45. Rf8+ Kh7 46. Rf4 b3 47. axb3 a3 48. Qd4 Qc1+ 49. Kh2 a2 0-1

[Event "Bad Woerishofen Seniors op 24th"]
[Site "Bad Woerishofen"]
[Date "2008.02.29"]
[Round "2"]
[White "Wecker, Kurt"]
[Black "Klempt, Guenter"]
[Result "0-1"]
[WhiteElo "1692"]
[BlackElo "1903"]
[PlyCount "128"]
[EventDate "2008.02.28"]
[EventType "swiss"]
[EventRounds "9"]
[EventCountry "GER"]
[SourceTitle "EXT 2022"]
[Source "ChessBase"]
[SourceDate "2021.10.06"]
[SourceVersion "1"]
[SourceVersionDate "2021.10.06"]
[SourceQuality "1"]

1. d4 Nf6 2. Nf3 g6 3. g3 Bg7 4. Bg2 0-0 5. 0-0 d6 6. Re1 Na6 7. e4 c5 8. c3 Bd7 9. e5 Ne8 10. exd6 exd6 11. dxc5 Nxc5 12. Be3 Bc6 13. Bxc5 dxc5 14. Qxd8 Rxd8 15. Na3 b5 16. Ne5 Bxg2 17. Kxg2 b4 18. Nac4 bxc3 19. bxc3 Nd6 20. Rad1 Nxc4 21. Nxc4 Bxc3 22. Rxd8 Rxd8 23. Rc1 Bd4 24. Rc2 Kg7 25. Na5 Rd6 26. Nb3 Rd5 27. f4 Kf6 28. Kf3 Ke6 29. Nxd4+ cxd4 30. Rd2 f5 31. Ke2 Rd7 32. Kd3 Kd5 33. Rb2 Rc7 34. Rb5+ Rc5 35. Rb7 Rc3+ 36. Kd2 Ra3 37. Rxh7 Rxa2+ 38. Kd3 Ra3+ 39. Kd2 Ke4 40. Re7+ Kd5 41. Rd7+ Ke4 42. Re7+ Kf3 43. Re6 Ra2+ 44. Kd3 Rxh2 45. Rxg6 Rg2 46. Kxd4 Rxg3 47. Ra6 Kxf4 48. Rxa7 Rg1 49. Kd5 Re1 50. Ra4+ Kg3 51. Ra3+ Kg4 52. Ra4+ f4 53. Ra8 Kg3 54. Rg8+ Kf2 55. Kd4 f3 56. Kd3 Re7 57. Rf8 Kg2 58. Rg8+ Kf1 59. Rf8 f2 60. Kd2 Rd7+ 61. Kc1 Rd4 62. Rf7 Kg2 63. Rg7+ Kf3 64. Rf7+ Rf4 0-1

[Event "Calvia Veterans op 4th"]
[Site "Calvia"]
[Date "2007.10.23"]
[Round "9"]
[White "Perez Pascual, Arturo"]
[Black "Klempt, Guenter"]
[Result "1-0"]
[WhiteElo "1986"]
[BlackElo "2091"]
[PlyCount "43"]
[EventDate "2007.10.15"]
[EventType "swiss"]
[EventRounds "9"]
[EventCountry "ESP"]
[SourceTitle "CBM 120 Extra"]
[Source "ChessBase"]
[SourceDate "2007.11.01"]
[SourceVersion "1"]
[SourceVersionDate "2007.11.01"]
[SourceQuality "1"]

1. e4 c5 2. Nf3 Nc6 3. d4 cxd4 4. Nxd4 g6 5. c4 Bg7 6. Be3 Nf6 7. Nc3 0-0 8. Be2 Qa5 9. 0-0 d6 10. a3 Bd7 11. b4 Qc7 12. Re1 Rac8 13. Nd5 Qb8 14. Nxc6 bxc6 15. Nxe7+ Kh8 16. Nxc8 Qxc8 17. f3 Re8 18. Bf4 Nxe4 19. fxe4 Rxe4 20. Bd3 Bg4 21. Qc2 Bd4+ 22. Kh1 1-0

[Event "Calvia Seniors op"]
[Site "Calvia"]
[Date "2006.10.28"]
[Round "9"]
[White "Anguera Maestro, Jaime"]
[Black "Klempt, Guenter"]
[Result "1-0"]
[WhiteElo "2214"]
[BlackElo "2071"]
[PlyCount "53"]
[EventDate "2006.10.20"]
[EventType "swiss"]
[EventRounds "9"]
[EventCountry "ESP"]
[SourceTitle "EXT 2007"]
[Source "ChessBase"]
[SourceDate "2006.11.23"]
[SourceVersion "1"]
[SourceVersionDate "2006.11.23"]
[SourceQuality "1"]

1. d4 Nf6 2. c4 g6 3. Nc3 Bg7 4. e4 d6 5. Bg5 0-0 6. Qd2 c5 7. d5 Na6 8. Bd3 Bd7 9. Nge2 Rb8 10. a3 Nc7 11. b4 b5 12. bxc5 bxc4 13. Bc2 dxc5 14. e5 Nfxd5 15. Nxd5 Nxd5 16. Qxd5 Rb2 17. Rc1 h6 18. Be3 Qa5+ 19. Bd2 Qc7 20. Bc3 Bc6 21. Qxc5 Rb5 22. Qxc4 Bxe5 23. Ba4 Bxc3+ 24. Qxc3 Qb7 25. Qxc6 Qxc6 26. Rxc6 Rb1+ 27. Rc1 1-0

[Event "Calvia Seniors op"]
[Site "Calvia"]
[Date "2006.10.27"]
[Round "8"]
[White "Klempt, Guenter"]
[Black "Diaz Begonte, Manuel"]
[Result "1-0"]
[WhiteElo "2071"]
[BlackElo "1897"]
[PlyCount "52"]
[EventDate "2006.10.20"]
[EventType "swiss"]
[EventRounds "9"]
[EventCountry "ESP"]
[SourceTitle "EXT 2007"]
[Source "ChessBase"]
[SourceDate "2006.11.23"]
[SourceVersion "1"]
[SourceVersionDate "2006.11.23"]
[SourceQuality "1"]

1. d4 d5 2. c4 c6 3. Nf3 Nf6 4. Nc3 dxc4 5. a4 Bf5 6. e3 e6 7. Bxc4 Be7 8. 0-0 0-0 9. Re1 h6 10. b3 Nbd7 11. Bb2 Bb4 12. Rc1 Ne4 13. Qe2 Qa5 14. Nxe4 Bxe1 15. Nd6 Bb4 16. Nxf5 Qxf5 17. Bd3 Qh5 18. Rc4 Be7 19. h3 Nb6 20. Rc1 Nd5 21. Bb1 f5 22. Qd3 Nf6 23. Qc4 Qf7 24. Ne5 Qe8 25. Qxe6+ Kh8 26. Qxf5 Qh5 1-0

[Event "Calvia Seniors op"]
[Site "Calvia"]
[Date "2006.10.24"]
[Round "5"]
[White "Patola, Eero"]
[Black "Klempt, Guenter"]
[Result "1-0"]
[WhiteElo "1959"]
[BlackElo "2071"]
[PlyCount "127"]
[EventDate "2006.10.20"]
[EventType "swiss"]
[EventRounds "9"]
[EventCountry "ESP"]
[SourceTitle "EXT 2007"]
[Source "ChessBase"]
[SourceDate "2006.11.23"]
[SourceVersion "1"]
[SourceVersionDate "2006.11.23"]
[SourceQuality "1"]

1. e4 c5 2. c4 Nc6 3. Nc3 g6 4. g3 Bg7 5. Bg2 d6 6. d3 e6 7. Nge2 Nge7 8. 0-0 0-0 9. Rb1 a6 10. Be3 Rb8 11. Qd2 b5 12. b3 Nd4 13. Bh6 b4 14. Bxg7 bxc3 15. Qh6 Nxe2+ 16. Kh1 f6 17. Bxf8 Qxf8 18. Qxf8+ Kxf8 19. Rbe1 Nd4 20. f4 Nec6 21. e5 dxe5 22. fxe5 f5 23. Rc1 Nb4 24. a3 Nxd3 25. Rxc3 Nxe5 26. Re1 Nec6 27. Rd1 Ke7 28. Re3 Na5 29. b4 Nxc4 30. Rc3 Nb2 31. Rd2 Na4 32. Re3 Nb6 33. Rc3 Na4 34. Re3 Nb5 35. bxc5 Nxc5 36. Rc2 Nd7 37. Kg1 Bb7 38. Bxb7 Rxb7 39. Rc6 Rb6 40. Rexe6+ Kf7 41. Rxb6 Nxb6 42. Rxb6 Nxa3 43. Rxa6 Nc4 44. Ra7+ Kg8 45. Kf2 Nd6 46. Ke3 Nf7 47. Kf4 Kg7 48. h4 h5 49. Ke3 Kf6 50. Kd4 g5 51. Ra6+ Kg7 52. hxg5 Nxg5 53. Ke5 Ne4 54. Kf4 Kh7 55. Ra5 Kg6 56. Rxf5 Nd6 57. Rc5 Ne8 58. Rc6+ Kg7 59. Kg5 Kh7 60. Kxh5 Kg7 61. g4 Kh7 62. Ra6 Kg7 63. Kg5 Kf7 64. Kh6 1-0

[Event "Calvia Seniors op"]
[Site "Calvia"]
[Date "2006.10.23"]
[Round "4"]
[White "Klempt, Guenter"]
[Black "Bellon Lopez, Juan Manuel"]
[Result "0-1"]
[WhiteElo "2071"]
[BlackElo "2438"]
[PlyCount "62"]
[EventDate "2006.10.20"]
[EventType "swiss"]
[EventRounds "9"]
[EventCountry "ESP"]
[SourceTitle "EXT 2007"]
[Source "ChessBase"]
[SourceDate "2006.11.23"]
[SourceVersion "1"]
[SourceVersionDate "2006.11.23"]
[SourceQuality "1"]

1. d4 d5 2. c4 c6 3. Nf3 Nf6 4. Nc3 dxc4 5. e4 b5 6. Bg5 b4 7. Na4 Nxe4 8. Bxc4 Nxg5 9. Nxg5 e6 10. Ne4 Nd7 11. 0-0 Nb6 12. Nxb6 axb6 13. Re1 Be7 14. Qd3 0-0 15. Rad1 Bb7 16. Qh3 Ra5 17. Bb3 g6 18. Nd2 Rh5 19. Qe3 c5 20. Nf3 Qc7 21. d5 c4 22. g4 Rxd5 23. Rxd5 Bxd5 24. Bc2 Bc5 25. Qe5 Bd6 26. Qe3 Bf4 27. Qe2 Ra8 28. Bb1 c3 29. bxc3 Qxc3 30. Ne5 Qh3 31. f3 Ra3 0-1